• 首页
  • 本馆介绍
  • 公告通知
  • 最新文献
  • 馆藏检索
  • 电子资源
  • 读者导购
  • 参考咨询
  • 我的图书馆
  • 登录
  • 详细信息显示
  • 放入我的书架
  • 预约/预借图书
  • 作者相关作品
  • 分类相关作品
  • 丛书相关作品
  • 出版社相关作品

书目信息

  • 表格格式
  • 工作单格式
  • 卡片格式
题名:
怎么办?
    
 
作者: 列宁 著 ;中共中央马恩列斯著作编译局 译
分册:  
出版信息: 北京   人民出版社  1965.03
页数: 187页
开本: 21cm
丛书名:
单 册:
中图分类: A221.2
科图分类:
主题词: 列宁著作--单行本--1900~1904年
电子资源:
ISBN:
000 00797nam0 2200229 45
001 0181023517
005 20060809171216.40
010    @dCNY0.39
091    @a1001.462
100    @a20810111d1965 km y0chiy0120 ea
101 0  @achi@crus
200 1  @a怎么办?@AZen Mo Ban?@e我们运动中的迫切问题@EWo Men Yun Dong Zhong De Po Qie Wen Ti@f列宁著@FLie Ning Zhu@g中共中央马恩列斯著作编译局译
205    @a2版
210    @a北京@c人民出版社@d1965.03
215    @a187页@d21cm
517    @a我们运动中的迫切问题@AWo Men Yun Dong Zhong De Po Qie Wen Ti
606 0  @a列宁著作@x单行本@x1900~1904年
690    @aA221.2@v3
701 0  @a列宁@Alie ning@4著
712 02 @a中共中央马恩列斯著作编译局@AZhong Gong Zhong Yang Ma En Lie Si Zhu ZuoBian Yi Ju@4译
801    @aCN@bTSTC@c20060809
905    @dA221.2@e11=2
    
    怎么办?:我们运动中的迫切问题/列宁著/中共中央马恩列斯著作编译局译.-2版.-北京:人民出版社,1965.03
    187页;21cm
    
    
    ISBN :CNY0.39
    
●
相关链接 在E读中查询图书 在五车中查询图书 在当当中查询图书 在豆瓣中查询图书


正题名:怎么办?     索取号:A221.2/11=2         预约/预借

序号 登录号 条形码 馆藏地/架位号 状态 备注
1 0018314   002046084   第一样本阅览室/ [索取号:A221.2/11=2] 在馆    
2 0018315   001854933   密集书库/ [索取号:A221.2/11=2] 在馆    
3 0065591   202262979   密集书库/ [索取号:A221.2/11=2] 在馆    
4 0065592   202199478   密集书库/ [索取号:A221.2/11=2] 在馆    
5 0065593   000952259   第一借阅区/ [索取号:A221.2/11=2] 在馆    
6 0065594   202251062   密集书库/ [索取号:A221.2/11=2] 在馆    
7 0065595   001854489   密集书库/ [索取号:A221.2/11=2] 在馆    
8 0065596   000952222   第一借阅区/ [索取号:A221.2/11=2] 在馆    
9 0065597   000952188   第一借阅区/ [索取号:A221.2/11=2] 在馆    
10 0065598   000952295   第一借阅区/ [索取号:A221.2/11=2] 在馆    
11 0065599   000952302   第一借阅区/ [索取号:A221.2/11=2] 在馆    
12 0065600   001854979   密集书库/ [索取号:A221.2/11=2] 在馆    
13 0424331   204243318   密集书库/ [索取号:A221.2/11=2] 在馆    
14 0424335   204243354   密集书库/ [索取号:A221.2/11=2] 在馆    
15 0424339   204243390   密集书库/ [索取号:A221.2/11=2] 在馆    
16 0424429   204244291   密集书库/ [索取号:A221.2/11=2] 在馆    
17 0424558   204245584   密集书库/ [索取号:A221.2/11=2] 在馆    
18 0425273   204252735   密集书库/ [索取号:A221.2/11=2] 在馆    
19 0425274   204252744   密集书库/ [索取号:A221.2/11=2] 在馆    
20 0426733   204267337   密集书库/ [索取号:A221.2/11=2] 在馆    
21 0426734   204267346   密集书库/ [索取号:A221.2/11=2] 在馆    
22 0450138   204501388   密集书库/ [索取号:A221.2/11=2] 在馆    
唐山师范学院图书馆 欢迎您!
大连网信软件有限公司© 版权所有